000 01318cam a22003377a 4500
003 CHAP
005 20220817043630.0
008 000229d199? mx r 00110 spa d
010 _a80184
011 _a81156
035 _a91618
040 _cCHAP
082 0 4 _a338.180972
_bM46
110 0 _aMéxico.
_bSecretaría de Agricultura y Recursos Hidráulicos
_976864
245 1 0 _aProcampo :
_bvamos al grano para progresar
_c/por Secretaría de Agricultura y Recursos Hidraúlicos
260 _aMéxico, D.F. :
_bSecretaría de Agricultura y Recursos Hidráulicos,
_c[199?]
300 _a61 p. :
_bgráfs. ; cuadros
590 _aBATCH-UPD
_b10
_c20130110
_lUCH01
_h1235
590 _aBATCH-UPD
_b10
_c20130410
_lUCH01
_h0804
590 _aBATCH-UPD
_b10
_c20130914
_lUCH01
_h1929
590 _aCONVERSION
_b10
_c20130109
_lUCH01
_h1345
650 1 4 _aAgricultura
_xAspectos economicos
_zMexico.
_91312
650 1 4 _aPolítica agrícola
_zMéxico.
650 1 4 _aSubsidios.
_9110160
901 _aBK
905 _aGuadalupe Pinto C.
942 _cLIBRO
949 _a338.180972 M46
_bBC
_cLIBRO
_d33724000764981
_eLIBRO
_h96751
_i91618
_si
949 _a338.180972 M46
_bBC
_cLIBRO
_d33724000847778
_eLIBRO
_fc.2
_gDonaciØn
_h101783
_i91618
_si
949 _a338.180972 M46
_bBC
_cLIBRO
_d33724002127876
_eLIBRO
_fc.3
_gI.c/e
_h111661
_i91618
_si
999 _c80184
_d80184